<?xml version="1.0" encoding="UTF-8"?>
<record
    xmlns:xsi="http://www.w3.org/2001/XMLSchema-instance"
    xsi:schemaLocation="http://www.loc.gov/MARC21/slim http://www.loc.gov/standards/marcxml/schema/MARC21slim.xsd"
    xmlns="http://www.loc.gov/MARC21/slim">

  <leader>00234nam a22000857a 4500</leader>
  <controlfield tag="001">1241982</controlfield>
  <controlfield tag="005">20251014093616.0</controlfield>
  <datafield tag="245" ind1=" " ind2=" ">
    <subfield code="a">ARKADA&#x15E; B&#x130;LG&#x130;YLE OYUNLA SEN&#x130;NLE ARKADA&#x15E;</subfield>
    <subfield code="c">MEHMET AK&#x130;F ERSOY</subfield>
  </datafield>
  <datafield tag="260" ind1=" " ind2=" ">
    <subfield code="b">M&#x130;LL&#x130; E&#x11E;&#x130;T&#x130;M BAKANLI&#x11E;I</subfield>
  </datafield>
  <datafield tag="999" ind1=" " ind2=" ">
    <subfield code="c">1241982</subfield>
    <subfield code="d">1241982</subfield>
  </datafield>
  <datafield tag="952" ind1=" " ind2=" ">
    <subfield code="0">0</subfield>
    <subfield code="1">0</subfield>
    <subfield code="2">ddc</subfield>
    <subfield code="4">0</subfield>
    <subfield code="7">0</subfield>
    <subfield code="a">1070</subfield>
    <subfield code="b">1070</subfield>
    <subfield code="d">2025-10-14</subfield>
    <subfield code="l">0</subfield>
    <subfield code="p">10705042</subfield>
    <subfield code="r">2025-10-14 09:36:20</subfield>
    <subfield code="w">2025-10-14</subfield>
    <subfield code="y">BK</subfield>
  </datafield>
</record>
